<?xml version="1.0" encoding="UTF-8"?>
<record
    xmlns:xsi="http://www.w3.org/2001/XMLSchema-instance"
    xsi:schemaLocation="http://www.loc.gov/MARC21/slim http://www.loc.gov/standards/marcxml/schema/MARC21slim.xsd"
    xmlns="http://www.loc.gov/MARC21/slim">

  <leader>01315nam0a2200313   4500</leader>
  <controlfield tag="001">RU\NLR\BIBL_A\011601319</controlfield>
  <controlfield tag="005">20240921185052.0</controlfield>
  <datafield tag="010" ind1=" " ind2=" ">
    <subfield code="a">9785446106813</subfield>
    <subfield code="9">2000</subfield>
  </datafield>
  <datafield tag="021" ind1=" " ind2=" ">
    <subfield code="a">RU</subfield>
    <subfield code="b">2017-98029</subfield>
    <subfield code="9">7055</subfield>
  </datafield>
  <datafield tag="035" ind1=" " ind2=" ">
    <subfield code="a">(RuMoRGB)009493492</subfield>
  </datafield>
  <datafield tag="035" ind1=" " ind2=" ">
    <subfield code="a">(NLR Aleph) 011601319</subfield>
  </datafield>
  <datafield tag="090" ind1=" " ind2=" ">
    <subfield code="a">10890766</subfield>
    <subfield code="c">10890766</subfield>
  </datafield>
  <datafield tag="100" ind1=" " ind2=" ">
    <subfield code="a">20180124d2018    u  y0rusy50      ca</subfield>
  </datafield>
  <datafield tag="101" ind1="0" ind2=" ">
    <subfield code="a">rus</subfield>
  </datafield>
  <datafield tag="102" ind1=" " ind2=" ">
    <subfield code="a">RU</subfield>
  </datafield>
  <datafield tag="105" ind1=" " ind2=" ">
    <subfield code="a">a zzzz||||1zy</subfield>
  </datafield>
  <datafield tag="200" ind1="1" ind2=" ">
    <subfield code="a">&#x411;&#x443;&#x445;&#x433;&#x430;&#x43B;&#x442;&#x435;&#x440;&#x441;&#x43A;&#x430;&#x44F; &#x438; &#x43D;&#x430;&#x43B;&#x43E;&#x433;&#x43E;&#x432;&#x430;&#x44F; &#x43E;&#x442;&#x447;&#x435;&#x442;&#x43D;&#x43E;&#x441;&#x442;&#x44C; &#x432; &#x442;&#x430;&#x431;&#x43B;&#x438;&#x446;&#x430;&#x445; &#x438; &#x43F;&#x440;&#x438;&#x43C;&#x435;&#x440;&#x430;&#x445;</subfield>
    <subfield code="e">&#x441; &#x443;&#x447;&#x435;&#x442;&#x43E;&#x43C; &#x43F;&#x43E;&#x441;&#x43B;&#x435;&#x434;&#x43D;&#x438;&#x445; &#x438;&#x437;&#x43C;&#x435;&#x43D;&#x435;&#x43D;&#x438;&#x439; &#x432; &#x437;&#x430;&#x43A;&#x43E;&#x43D;&#x43E;&#x434;&#x430;&#x442;&#x435;&#x43B;&#x44C;&#x441;&#x442;&#x432;&#x435;</subfield>
    <subfield code="f">&#x421;&#x432;&#x435;&#x442;&#x43B;&#x430;&#x43D;&#x430; &#x41B;&#x435;&#x432;&#x448;&#x43E;&#x432;&#x430;</subfield>
  </datafield>
  <datafield tag="210" ind1=" " ind2=" ">
    <subfield code="a">&#x421;&#x430;&#x43D;&#x43A;&#x442;-&#x41F;&#x435;&#x442;&#x435;&#x440;&#x431;&#x443;&#x440;&#x433; [&#x438; &#x434;&#x440;.]</subfield>
    <subfield code="c">&#x41F;&#x438;&#x442;&#x435;&#x440;</subfield>
    <subfield code="d">2018 [&#x442;. &#x435;. 2017]</subfield>
  </datafield>
  <datafield tag="215" ind1=" " ind2=" ">
    <subfield code="a">142, [1] &#x441;.</subfield>
    <subfield code="c">&#x442;&#x430;&#x431;&#x43B;.</subfield>
    <subfield code="d">21</subfield>
  </datafield>
  <datafield tag="300" ind1=" " ind2=" ">
    <subfield code="a">&#x41A;&#x43D;. &#x444;&#x430;&#x43A;&#x442;&#x438;&#x447;&#x435;&#x441;&#x43A;&#x438; &#x438;&#x437;&#x434;. &#x432; 2017 &#x433;.</subfield>
  </datafield>
  <datafield tag="320" ind1=" " ind2=" ">
    <subfield code="a">&#x411;&#x438;&#x431;&#x43B;&#x438;&#x43E;&#x433;&#x440;.: &#x441;. 142-143 (13 &#x43D;&#x430;&#x437;&#x432;.)</subfield>
  </datafield>
  <datafield tag="333" ind1=" " ind2=" ">
    <subfield code="a">16+</subfield>
  </datafield>
  <datafield tag="606" ind1="1" ind2=" ">
    <subfield code="a">&#x411;&#x443;&#x445;&#x433;&#x430;&#x43B;&#x442;&#x435;&#x440;&#x441;&#x43A;&#x438;&#x439; &#x443;&#x447;&#x435;&#x442;</subfield>
    <subfield code="x">&#x41E;&#x442;&#x447;&#x435;&#x442;&#x43D;&#x43E;&#x441;&#x442;&#x44C;</subfield>
    <subfield code="y">&#x420;&#x43E;&#x441;&#x441;&#x438;&#x439;&#x441;&#x43A;&#x430;&#x44F; &#x424;&#x435;&#x434;&#x435;&#x440;&#x430;&#x446;&#x438;&#x44F;</subfield>
    <subfield code="9">2079191</subfield>
    <subfield code="3">RU\NLR\AUTH\661255066</subfield>
  </datafield>
  <datafield tag="686" ind1="1" ind2=" ">
    <subfield code="a">&#x423;052.9(2)2-15</subfield>
  </datafield>
  <datafield tag="700" ind1=" " ind2="1">
    <subfield code="a">&#x41B;&#x435;&#x432;&#x448;&#x43E;&#x432;&#x430;</subfield>
    <subfield code="b">&#x421;. &#x410;.</subfield>
    <subfield code="g">&#x421;&#x432;&#x435;&#x442;&#x43B;&#x430;&#x43D;&#x430; &#x410;&#x43B;&#x435;&#x43A;&#x441;&#x430;&#x43D;&#x434;&#x440;&#x43E;&#x432;&#x43D;&#x430;</subfield>
  </datafield>
  <datafield tag="942" ind1=" " ind2=" ">
    <subfield code="c">BOOK</subfield>
  </datafield>
  <datafield tag="980" ind1=" " ind2=" ">
    <subfield code="a">NBR</subfield>
  </datafield>
</record>
